000 00956cam a2200229 4500
001 ##L134992
008 060918n2006 000 0 eng u
035 _a(Sirsi) u134992
041 0 _aeng
050 0 4 _a333.33016 $2 18
110 2 _aInvestment Property Databank
_92288
245 0 0 _aIPD UK monthly index
_bAugust 2006
260 _aLondon
_bIPD
_c2006
490 0 _aIPD UK Monthly Index
_vAugust 2006
520 _aReports on commercial property performance, providing figures for total return, capital growth and income return for all-property, retail, office and industrial sectors. Office returns, at 1.29%, remain just ahead of industrial, at 1.28%.
590 _aIKA190906
650 2 4 _aIPD UK MONTHLY INDEX
651 4 _aUnited Kingdom
_y
690 _aPROPERTY-COMMERCIAL PROPERTY-COMMERCIAL PROPERTY FINANCE AND INVESTMENT
856 4 0 _uhttps://www.ipdindex.co.uk
_zView the item free of charge at www.ipdindex.co.uk...
942 _n0
999 _c105879
_d105879